| 000 | 01136nam a2200313 a 4500 | ||
|---|---|---|---|
| 001 | 000116113 | ||
| 003 | CHAP | ||
| 005 | 20220329144601.0 | ||
| 008 | 190911s2019 mx | |sm |||||||spa d | ||
| 010 | _a112574 | ||
| 011 | _a113546 | ||
| 040 | _cCHAP | ||
| 090 | _aTesis | ||
| 100 | 1 |
_aRuiz Hernández, Jaime Antonio. _9129594 |
|
| 245 | 1 | 0 |
_aAnálisis del mercado de la manzana en México y de su red internacional de comercio _h[En línea] _cpor Jaime Antonio Ruiz Hernández. |
| 260 |
_aChapingo, Méx. : _bEl autor, _c2019. |
||
| 500 | _aPara ver el contenido del material haga clic en la liga | ||
| 502 | _aTesis (Ph. D. en Economía Agrícola) -- UACH. División de Ciencias Económico-Administrativas | ||
| 590 |
_aE6337LMJ _b05 _c20190911 _lUCH01 _h1224 |
||
| 590 |
_aE6337LMJ _b05 _c20190911 _lUCH01 _h1224 |
||
| 650 | 1 | 4 |
_aManzana _xAspectos económicos. _970735 |
| 650 | 1 | 4 |
_aManzana _xExportación. _970768 |
| 650 | 1 | 4 |
_aManzana _xMercadeo. _970786 |
| 650 | 1 | 4 |
_aManzana _xPrecios. _970795 |
| 856 |
_aFinding aid _uhttp://10.13.5.2/tesis/sist116113.pdf _zTeclea aquí |
||
| 901 | _aBK | ||
| 942 | _cTESIS | ||
| 942 | _n0 | ||
| 999 |
_c112574 _d112574 |
||